000 01119nam a22002537a 4500
003 OSt
005 20251001181558.0
008 240403b ||||| |||| 00| 0 eng d
040 _c0
082 _aDPer 621.381 Ie21 October 2022 v. 37 n. 10
100 _aYang, Yuzhi.
_eauthor.
_955853
245 _aAn improved control scheme for reducing circulating current nd reverse power of bidirectional phase-shifted full-bridge converter /
_cYuzhi Yang, Houji Li, Chao Wu, Junzhong Xu, Yuxuan Bi, Tong Zhao, and Yong Wang.
260 _aNew York ;
_bThe Institute of Electrical and Electronics Engineers, Inc. ,
_cOctober 2022.
300 _aVolume 37, pages 11620-11635 :
_billustration ;
_c28 cm.
500 _aIEEE Transactions on Power Electronics, v. 37, n. 10, pages 11620-11635, October 2022.
700 _aYang, Yuzhi.
_eauthor.
_955853
700 _aLi, Houji.
_eauthor.
_955854
700 _aWu, Chao.
_eauthor.
_955855
700 _aXu, Junzhong.
_eauthor.
_955856
700 _aBi, Yuxuan.
_eauthor.
_955857
700 _aZhao, Tong.
_eauthor.
_955858
700 _aWang, Yong.
_eauthor.
_955859
942 _2ddc
_cPER
999 _c19971
_d19971